000 00895nam a22001817a 4500
008 100706t xxu||||| |||| 00| 0 ara d
082 _222
_a323.352
_bم ن هـ
245 _aالمنهج التكاملي لكفالة حقوق الطفل /
_cالمجلس العربي للطفولة والتنمية
260 _aالقاهرة :
_bالمجلس ، 2007
_c2007
300 _a291 ص؛
_c24 سم.
504 _aيحتوي علي ارجاعات ببليوجرافية
541 _aألف باء ؛
_cشراء ؛
650 0 _914986
_aالأطفال
_xرعاية
650 0 _922096
_aالأطفال
_xحقوق مدنية
710 _915943
_aالمجلس العربي للطفولة والتنمية
942 _2ddc
_cBB
999 _c14390
_d14390